Hiszpańskie słowa według obrazków #1 - Statystyki

Ogólne statystyki
  • Ten quiz został rozwiązany 2 506 razy
  • Średni wynik to 11 z 24
Odpowiedzi na mapie
Odpowiedzi zakodowano w zielono-czerwonej skali na mapie do tego quizu, zgodnie z poniższymi procentami.
 
Statystyki odpowiedzi
Odpowiedź % Poprawnych
Un limón
77%
Un mapa
76%
Un sombrero
73%
Una casa
66%
Un gato
66%
Una tortuga
63%
Un ratón
63%
Un ojo
59%
El fuego
45%
Un corazón
45%
Una manzana
44%
Un caballo
43%
Una mano
41%
Una estrella
40%
Un plátano
40%
Un huevo
37%
Un lápiz
32%
Un pez
30%
Una boca
29%
Una nube
28%
Una zanahoria
28%
Una llave
25%
Un cerdo
25%
Un hueso
20%
Nie znaleziono quizów pasujących do podanych kryteriów
Rozkład punktacji
Procent ludzi z każdym wynikiem
Percentyl według liczby udzielonych odpowiedzi
Twoja historia wyników
Nie rozwiązałeś tego quizu